Effects of nutraceuticals on antibiotic efficacy a scoping review /

Elmentve itt :
Bibliográfiai részletek
Szerzők: Kusuma Ikhwan Yuda
Iqbal Muhammad
Wikurendra Edza Aria
Herdiani Novera
Dokumentumtípus: Cikk
Megjelent: 2024
Sorozat:CYTA-JOURNAL OF FOOD 22 No. 1
Tárgyszavak:
doi:10.1080/19476337.2024.2353875

mtmt:34892672
Online Access:http://publicatio.bibl.u-szeged.hu/33797
LEADER 00867nab a2200241 i 4500
001 publ33797
005 20240702101118.0
008 240702s2024 hu o 000 eng d
022 |a 1947-6337 
024 7 |a 10.1080/19476337.2024.2353875  |2 doi 
024 7 |a 34892672  |2 mtmt 
040 |a SZTE Publicatio Repozitórium  |b hun 
041 |a eng 
100 1 |a Kusuma Ikhwan Yuda 
245 1 0 |a Effects of nutraceuticals on antibiotic efficacy  |h [elektronikus dokumentum] :  |b a scoping review /  |c  Kusuma Ikhwan Yuda 
260 |c 2024 
300 |a 10 
490 0 |a CYTA-JOURNAL OF FOOD  |v 22 No. 1 
650 4 |a Általános orvostudomány 
700 0 1 |a Iqbal Muhammad  |e aut 
700 0 1 |a Wikurendra Edza Aria  |e aut 
700 0 1 |a Herdiani Novera  |e aut 
856 4 0 |u http://publicatio.bibl.u-szeged.hu/33797/1/Effectsofnutraceuticalsonantibioticefficacyascopingreview.pdf  |z Dokumentum-elérés